Visualizzazione normale
Vista MARC
- Magni Luigi
di Personal Name
Records bibliografici associati: 1
001 - CONTROL NUMBER
- control field: 49544
003 - CONTROL NUMBER IDENTIFIER
- control field: IT-RoPau
005 - DATE AND TIME OF LATEST TRANSACTION
- control field: 20151202092227.0
008 - FIXED-LENGTH DATA ELEMENTS
- fixed length control field: 151202|| aca||aabn | a|a d
040 ## - CATALOGING SOURCE
- Original cataloging agency: IT-RoPau
- Transcribing agency: IT-RoPau
100 ## - HEADING--PERSONAL NAME
- Personal name: Magni Luigi
- Miscellaneous information: Codice regista SPICS: 11242
670 ## - SOURCE DATA FOUND
- Source citation: Work cat.: (IT-RoPau)106938: Magni Luigi Codice regista SPICS: 11242, NELL'ANNO DEL SIGNORE NELL'ANNO DEL SIGNORE (Rif. Codice opera principale : H8227)